Ο κώδικας ΓΑΚ 85 του Πούμπλικου Νοταρίου Νάξου Ιωάννη Μηνιάτη (1668-1676) : δικαιοπρακτικά έγγραφα της Οθωμανικής περιόδου

Saved in:
Bibliographic Details
Main Author: Χατζάκης, Ιωάννης
Format: Book
Language:Greek
Published: Αθήνα : Ακαδημία Αθηνών, 2021.
Series:Επετηρίς του Κέντρου Ερεύνης της Ιστορίας του Ελληνικού Δικαίου
Subjects:
Tags: Add Tag
No Tags, Be the first to tag this record!

MARC

LEADER 00000nam a2200000 a 4500
001 1/127246
008 230911s2021####gr | ||| |||| ||gre||
020 |a 9789604043835  |q (set) 
020 |a 9789604043828  |q (τ. 1) 
020 |a 9789604043866  |q (τ. 2) 
040 |a GR-MyUa  |b gre  |c GR-MyUa  |e AACR2 
041 0 |a gre 
082 7 |a 346.49582  |2 (23) 
100 1 |a Χατζάκης, Ιωάννης. 
245 1 2 |a Ο κώδικας ΓΑΚ 85 του Πούμπλικου Νοταρίου Νάξου Ιωάννη Μηνιάτη (1668-1676) :   |b δικαιοπρακτικά έγγραφα της Οθωμανικής περιόδου /   |c Ιωάννης Χατζάκης.  
260 |a Αθήνα :   |b Ακαδημία Αθηνών,   |c 2021.  
300 |a 2τ. ;   |c 24 εκ.  
490 1 |a (Επετηρίς του Κέντρου Ερεύνηςτης Ιστορίας του Ελληνικού Δικαίου ;   |v τ. 50, παρ. 16) 
650 0 |a Notaries  |z Greece  |z Naxos Island  |y 17th century. 
651 0 |a Naxos Island (Greece)  |x Archival resources  |y 17th century. 
830 0 |a Επετηρίς του Κέντρου Ερεύνης της Ιστορίας του Ελληνικού Δικαίου 
852 |a INST  |b LESVOS  |e 20230911  |h 346.49582 ΧΑΤ  |p 005100064933  |q 005100064933  |t BK  |v τομ.1:  |y 0 
852 |a INST  |b LESVOS  |e 20230911  |h 346.49582 ΧΑΤ  |p 005100064934  |q 005100064934  |t BK  |v τομ.2:  |y 0 
853 |a INST  |b LESVOS  |h 346.49582 ΧΑΤ 
970 |a Δημάκη  |b Μαρία  |z 11-09-2023